header

Exploring crash-proof grammars (Record no. 84606)

MARC details
000 -LEADER
fixed length control field 01381nam a2200349 a 4500
082 04 - DEWEY DECIMAL CLASSIFICATION NUMBER
Classification number 415
245 00 - TITLE STATEMENT
Title Exploring crash-proof grammars
260 ## - PUBLICATION, DISTRIBUTION, ETC. (IMPRINT)
Place of publication Amsterdam ;
-- Philadelphia :
Name of publisher John Benjamins Pub. Company,
Year of publication 2010.
300 ## - PHYSICAL DESCRIPTION
Number of Pages xii, 301 p. :
Other physical details ill.
490 1# - SERIES STATEMENT
Series statement Language faculty and beyond ;
650 #0 - SUBJECT ADDED ENTRY--TOPICAL TERM
Topical Term Grammar, Comparative and general
Topical Term Generative grammar.
Topical Term Minimalist theory (Linguistics)
700 1# - ADDED ENTRY--PERSONAL NAME
Personal name Putnam, Michael T.
856 40 - ELECTRONIC LOCATION AND ACCESS
Uniform Resource Identifier http://site.ebrary.com/lib/rucke/Doc?id=10417543

No items available.

© 2026 Rongo University
Contact us: librarian | system librarian | Rongo university